Desarrollo sostenible: ¿una nueva trampa? /

সংরক্ষণ করুন:
গ্রন্থ-পঞ্জীর বিবরন
প্রধান লেখক: Herrera, Edgard
বিন্যাস: পাঠ‍্য
বিষয়গুলি:
ট্যাগগুলো: ট্যাগ যুক্ত করুন
কোনো ট্যাগ নেই, প্রথমজন হিসাবে ট্যাগ করুন!

MARC

LEADER 00000 a a2200000 04500
001 7487
003
040
100 |a Herrera, Edgard  
245 |a Desarrollo sostenible:   |b ¿una nueva trampa? /  |c Edgard Herrera 
650 |a DESARROLLO SUSTENTABLE  
650 |a HABITAT  
650 |a POBREZA  
650 |a EQUILIBRIO ECOLOGICO  
650 |a DESARROLLO ECONOMICO  
650 |a DESARROLLO SOCIAL  
650 |a MERCADO  
773 |g número 9; páginas 22-30  
999 |c 38507  |d 38507